000 00377nam a2200145Ia 4500
005 20251222143124.0
008 251222s9999||||xx |||||||||||||| ||spa||
020 _a978-612-311-058-1
082 _a346.077/N71
100 _aNinamancco Córdoba, Fort
245 0 _aEmbargo Inscrito y Tercería de Propiedad:
250 _a1a.ed.
264 _bGaceta Jurídica
942 _cLIB
999 _c11655
_d11655